Ресурсоэффективные системы в управлении и контроле: взгляд в будущее: сборник научных трудов I Всероссийской конференции школьников, студентов, аспирантов, молодых ученых, 8-11 октября 2012 г., г. Томск; в 3 т.

Bibliographische Detailangaben
Körperschaften: Национальный исследовательский Томский политехнический университет (ТПУ), Ресурсоэффективные системы в управлении и контроле: взгляд в будущее конференция
Sprache:Russisch
Veröffentlicht: Томск, Изд-во ТПУ, 2012
Format: MixedMaterials Buch
KOHA link:https://koha.lib.tpu.ru/cgi-bin/koha/opac-detail.pl?biblionumber=248834

MARC

LEADER 00000nam1a2200000 4500
001 248834
005 20231031212650.0
035 |a (RuTPU)RU\TPU\book\270730 
090 |a 248834 
100 |a 20140128d2012 k y0rusy50 ca 
101 0 |a rus 
102 |a RU 
200 1 |a Ресурсоэффективные системы в управлении и контроле: взгляд в будущее  |e сборник научных трудов I Всероссийской конференции школьников, студентов, аспирантов, молодых ученых, 8-11 октября 2012 г., г. Томск  |e в 3 т.  |f Национальный исследовательский Томский политехнический университет (ТПУ) 
210 |a Томск  |c Изд-во ТПУ  |d 2012 
712 0 2 |a Национальный исследовательский Томский политехнический университет (ТПУ)  |c (2009- )  |2 stltpush  |3 (RuTPU)RU\TPU\col\15902 
712 1 2 |a Ресурсоэффективные системы в управлении и контроле: взгляд в будущее  |b конференция  |d 1  |e Томск  |f 2012 
801 1 |a RU  |b 63413507  |c 20140128 
801 2 |a RU  |b 63413507  |c 20140519  |g RCR 
942 |c BK